000 00805nam a22002777a 4500
001 BR2012001795
003 BR-BrBNA
005 20230928103918.0
007 ta
008 230509b bl.||||| |||| 00| 0 por d
040 _aBR-BrBNA
_bpor
_cBiblioteca Nacional de Agricultura
041 _a(Por)
072 _aP34
090 _ P34 BR2012001795
100 1 _aSouza, C.N. de
110 1 _aUniversidade Federal de Lavras, MG (Brasil)
_0Tese (Mestrado)
245 1 _aDiversidade de fungos do solo na Mata Atlântica
260 3 _aLavras, MG (Brasil):
_c2010.
300 _a66 p.
500 _aSummaries (Eng, Por); Several bibliography; 5 illus.; 6 tables
650 _aFUNGO
650 _aBIOLOGIA DO SOLO
650 _aFAUNA EDÁFICA
909 _a202309
_bLucia
_c55
_dLucia Elande
942 _cBK
999 _c77211
_d77211